Datum a čas kvízu
32.5
Celkem bodů
Celkový počet nahraných bodů na tomto kvízu bez doplňovacích otázek.
3.
Pořadí na kvízu
Konečné umístění týmu na tomto kvízu.
Zaznamenané odpovědi
| # | Otázka | Odpověď | Body | Výsledky |
|---|---|---|---|---|
| 1. | Ve středu rozhodl Ústavní soud... | Milion chvilek pro demokracii | 1 | |
| 2. | Do tlakové automobilové myčky... | kůň (s kočárem) | 0 | |
| 3. | Minulý týden byl zveřejněn tea... | Erdoğan Atalay | 1 | |
| 4. | V noci na úterý jsme mohli na... | C) 6 planet Sluneční soustavy najednou | 0 | |
| 5. | Ve středu bylo definitivně pot... | Tomáš Drastil | 0 | |
| 6. | Za půl bodu napište, jak se jm... | Tři soutěsky; Čína | 1 | |
| 7. | Kterým přídavným jménem na 11... | geotermální | 1 | |
| 8. | Akademik Lomonosov je ruská ja... | B | 0 | |
| 9. | Soustava Niagarských vodních e... | o Nikolu Teslu | 1 | |
| 10. | Téma zakončíme v České republi... | med | 1 |